ბათუმის შოთა რუსთაველის სახელმწიფო უნივერსიტეტის ბიბლიოთეკა

33 ლექსი / (ბიბ.ჩანაწერი № 55214)

000 -ლიდერი
ფიქსირებული სიგრძის საკონტროლო ველი 01618nam a2200277Ia 4500
001 - საკონტროლო ნომერი
საკონტროლო ველი 22289
003 - საკონტროლო ნომრის იდენტიფიკატორი
საკონტროლო ველი GE_BSU
005 - ბოლო ოპერაციის თარიღი და დრო
საკონტროლო ველი 20230227145526.0
008 - ფიქსირებული სიგრძის მონაცემთა ელემენტები - ზოგადი ინფორმაცია
ფიქსირებული სიგრძის საკონტროლო ველი 181216s ||||ge |||||||||||||| ||geo||
020 ## - წიგნის საერთაშორისო სტანდარტული ნომერი
International Standard Book Number 99940-762-0-5
040 ## - კატალოგიზაციის წყარო
Transcribing agency GE_BSU
041 ## - ენის კოდი
Language code of text/sound track or separate title geo
080 ## - უნივერსალური ათობითი კლასიფიკაციის ინდექსი
Universal Decimal Classification number 821.124-1 კ-32
100 ## - მთავარი ჩანაწერი - პიროვნების სახელი
Personal name კატულუსი, გაიუს ვალერიუს
9 (RLIN) 17054
245 ## - ცნობა სათაურის შესახებ
Title 33 ლექსი /
Statement of responsibility, etc გაიუს ვალერიუს კატულუსი ; თარგმან. ლათ., შესავ. წერილი და კომენტ. მანანა ღარიბაშვილისა ; რედ. ია გაგუა.
264 ## - წარმოების, გამოცემის, დისტრიბუციის და სხვა ცნობები
გამოცემის, წარმოების, დისტრიბუციის... ადგილი თბილისი :
გამოცემის, წარმოების, დისტრიბუციის... სახელწოდება ლოგოსი,
გამოცემის, წარმოების, დისტრიბუციის... თარიღი 2003.
300 ## - ფიზიკური აღწერა
Extent 86 გვ. ;
Dimensions 20 სმ.
500 ## - ზოგადი შენიშვნა
General note პუბლიკაციები და ღონისძიებები კლასიკური ფილოლოგიის, ბიზანტიკისა და ნეოგრეცისტიკის სფეროში
520 ## - SUMMARY, ETC.
Summary, etc რეზიუმე ქართულ და ლათინურ ენებზე
653 ## - INDEX TERM--UNCONTROLLED
Uncontrolled term 33 ლექსი
700 ## - ADDED ENTRY--PERSONAL NAME
Personal name ღარიბაშვილი, მანანა
Relator term მთარგმნელი
9 (RLIN) 3637
700 ## - ADDED ENTRY--PERSONAL NAME
Personal name გაგუა, ია
Relator term რედაქტორი
9 (RLIN) 17055
710 ## - ADDED ENTRY--CORPORATE NAME
Corporate name or jurisdiction name as entry element თსუ
Subordinate unit კლასიკური ფილოლოგიის, ბიზანტიკის და ნეოგრეცისტიკის ინსტიტუტი
9 (RLIN) 17056
942 ## - ADDED ENTRY ELEMENTS (KOHA)
Koha item type წიგნი
Source of classification or shelving scheme
ეგზემპლარები
ჩამოწერის სტატუსი დაკარგული ეგზემპლარის სტატუსი კლასიფიკაციის წყარო ან თაროზე გაწყობის სქემა დაზიანების სტატუსი არ გაიცემა მუდმივი მდებარეობა (დაცვის ადგილი) ამჟამინდელი ადგილსამყოფელი თაროზე განთავსების ადგილი შეძენის თარიღი ღირებულება, შესყიდვის ნორმალური ფასი სრული შენახვის შიფრი შტრიხკოდი ბოლო ოპერაციის თარიღი ეგზემპლარის მიმდევრობითი ნომერი (კეტერი?) ფასის ძალაში შესვლის თარიღი ეგზემპლარის სახეობა საჯარო შენიშვნა
          ბათუმის შოთა რუსთაველის სახელმწიფო უნივერსიტეტის მთავარი ბიბლიოთეკა ბათუმის შოთა რუსთაველის სახელმწიფო უნივერსიტეტის მთავარი ბიბლიოთეკა წიგნსაცავი 2018-12-17 4.00 821.124-1 კ-32 57469 2018-12-17 57469 2018-12-17 წიგნი 4.00 ₾.
          ბათუმის შოთა რუსთაველის სახელმწიფო უნივერსიტეტის მთავარი ბიბლიოთეკა ბათუმის შოთა რუსთაველის სახელმწიფო უნივერსიტეტის მთავარი ბიბლიოთეკა წიგნსაცავი 2018-12-17 4.00 821.124-1 კ-32 57470 2018-12-17 57470 2018-12-17 წიგნი 4.00 ₾.
          ბათუმის შოთა რუსთაველის სახელმწიფო უნივერსიტეტის მთავარი ბიბლიოთეკა ბათუმის შოთა რუსთაველის სახელმწიფო უნივერსიტეტის მთავარი ბიბლიოთეკა წიგნსაცავი 2018-12-17 4.00 821.124-1 კ-32 57471 2018-12-17 57471 2018-12-17 წიგნი 4.00 ₾.